000 00857nam a2200301Ia 4500
001 2516
003 IT-RoPAU
008 130308s9999 xx 000 0 und d
040 _aIT-RoPAU
040 _cIT-RoPAU
041 _aFRANCESE
100 _aCoustet Ernest
100 _gCodice Aut. SPICS: 7727
245 _aCinema (Le)-Avec 111 gravures
245 _bCinema (Le)-Avec 111 Gravures
250 _a1a ed.
260 _aPARIS
260 _bHachette
260 _c1921 [1° Ed.:1921 - Ed.Ling.Originale:1921]
300 _a"192 p. (prefazione: no ; testo: 192)"
500 _aInvenzione del Cinema proiezione Documentario cine Teatro trucchi Cinematografici Cinema a Colori Cinema Sonoro
650 _aTECNICA CINEMATOGRAFICA
650 _eCodice materia Spics: 6802
942 _cBK
957 _71
999 _c70852
_d70852
999 _bSI
999 _g1